| 000 | 02273cam a22004817a 4500 | ||
|---|---|---|---|
| 003 | CHAP | ||
| 005 | 20220329141230.0 | ||
| 008 | 971010s19841946mx r 00010 spa d | ||
| 010 | _a64816 | ||
| 011 | _a65788 | ||
| 035 | _a73166 | ||
| 040 | _cCHAP | ||
| 082 |
_a335.42 _bM3 |
||
| 100 | 0 | 0 |
_aMarx, Karl. _972726 |
| 245 | 1 | 3 |
_aEl capital : _bcrítica de la economía política |
| 260 |
_aMéxico, D. F. : _bFondo de Cultura Económica, _c1984 [1946] |
||
| 300 | _a3 v. | ||
| 590 |
_aBATCH-UPD _b10 _c20130110 _lUCH01 _h1550 |
||
| 590 |
_aBATCH-UPD _b10 _c20130410 _lUCH01 _h0948 |
||
| 590 |
_aBATCH-UPD _b10 _c20130914 _lUCH01 _h1232 |
||
| 590 |
_aCONVERSION _b10 _c20130109 _lUCH01 _h1335 |
||
| 650 | 1 | 4 |
_aEconomía. _935226 |
| 901 | _aBK | ||
| 942 | _cLIBRO | ||
| 949 |
_a335.42 M3 _bBC _cLIBRO _d33724000351250 _eLIBRO _fv.3 c.5 _h4802 _i73166 _si |
||
| 949 |
_a335.42 M3 _bBC _cLIBRO _d33724000351284 _eLIBRO _fv.3 c.6 _h40285 _i73166 _si |
||
| 949 |
_a335.42 M3 _bBC _cLIBRO _d33724000351318 _eLIBRO _fv.2 c.6 _h40284 _i73166 _si |
||
| 949 |
_a335.42 M3 _bBC _cLIBRO _d33724000351334 _eLIBRO _fv.2 c.7 _h21258 _i73166 _si |
||
| 949 |
_a335.42 M3 _bBC _cLIBRO _d33724000351342 _eLIBRO _fv.2 c.4 _h4796 _i73166 _si |
||
| 949 |
_a335.42 M3 _bBC _cLIBRO _d33724000572848 _eLIBRO _fv.2 _h4794 _i73166 _kReposiciØn _si |
||
| 949 |
_a335.42 M3 _bBC _cLIBRO _d33724000628467 _eLIBRO _fv.3 c.4 _h4801 _i73166 _si |
||
| 949 |
_a335.42 M3 _bBC _cLIBRO _d33724000669297 _eLIBRO _fv.3 c.3 _h4800 _i73166 _si |
||
| 949 |
_a335.42 M3 _bBC _cLIBRO _d33724000823654 _eLIBRO _fv.2 c.8 _gDonaciØn _h100498 _i73166 _si |
||
| 949 |
_a335.42 M3 _bBC _cLIBRO _d33724000895454 _eLIBRO _fv.3 _h4798 _i73166 _mD. _si |
||
| 949 |
_a335.42 M3 _bBC _cLIBRO _d33724000912184 _eLIBRO _fv.1 c.9 _i73166 _si |
||
| 949 |
_a335.42 M3 _bBC _cLIBRO _d33724000912242 _eLIBRO _fv.1 c.7 _i73166 _so |
||
| 949 |
_a335.42 M3 _bBC _cLIBRO _d33724000914255 _eLIBRO _fv.3 c.7 _h21751 _i73166 _si |
||
| 949 |
_a335.42 M3 _bBC _cLIBRO _d33724000938866 _eLIBRO _fv.1 c.6 _h2246 _i73166 _si |
||
| 949 |
_a335.42 M3 _bBC _cLIBRO _d33724000959581 _eLIBRO _fv.2 c.5 _h4797 _i73166 _si |
||
| 949 |
_a335.42 M3 _bBC _cLIBRO _d33724002327149 _eLIBRO _fv.3 c.2 _h4799 _i73166 _si |
||
| 949 |
_a335.42 M3 _bBC _cMUT _d33724000628285 _eMUT _fv.1 c.8 _h77 _i73166 _si |
||
| 949 |
_a335.42 M3 _bBC _cMUT _d731661 _eMUT _fv.1 c.4 _i73166 _sb |
||
| 999 |
_c64816 _d64816 |
||